| 000 | 00652nam a2200193 i 4500 | ||
|---|---|---|---|
| 001 | 24781 | ||
| 003 | ES-MaACL | ||
| 005 | 20250827032350.0 | ||
| 007 | t| | ||
| 008 | 021218s1927 sp ||||1| spa d | ||
| 245 | 0 | 0 | _aAnuario Reus del opositor publicado por el Centro de Enseñanza Editorial Reus, curso 1927-28 a carreras con título de abogado. |
| 260 |
_aMadrid : _bReus, _c1927. |
||
| 300 |
_a[64] p. : _bil. ; _c22 cm. |
||
| 650 | 0 | 0 |
_aAbogados. _99564 |
| 650 | 4 |
_aFuncionarios- _zEspaña- _xConcursos y oposiciones. _9168201 |
|
| 710 | 2 |
_aInstituto Editorial Reus _9159117 |
|
| 852 |
_aES-MaACL _j1715-F-16 |
||
| 999 |
_c24781 _d24781 |
||